000 00339nam a2200145Ia 4500
003 OSt
005 20240318150939.0
008 170523s9999 xx 000 0 und d
020 _a978-1119702849
040 _ciimtu meerut
100 _aFITZERALD
245 0 _aBUSINESS DATA COMMUNICATION
260 _bTATA MC GRAW HILL
942 _2ddc
_c02
999 _c1608
_d1608